[Event "Ceriano Laghetto op-C 21st"]
[Site "Ceriano Laghetto"]
[Date "2012.03.??"]
[Round "4"]
[White "Agustoni, Alessandro"]
[Black "Vergano, Riccardo"]
[Result "0-1"]
[WhiteElo "1515"]
[BlackElo "1393"]
[PlyCount "52"]
[EventDate "2012.03.24"]
[EventType "swiss"]
[EventRounds "5"]
[EventCountry "ITA"]
[SourceTitle "EXT 2024"]
[Source "ChessBase"]
[SourceDate "2023.10.10"]
[SourceVersion "1"]
[SourceVersionDate "2023.10.10"]
[SourceQuality "1"]

1. d4 Nf6 2. Nf3 d5 3. c4 c6 4. g3 Bg4 5. Bg2 e6 6. 0-0 Be7 7. Qc2 0-0 8. b3 Nbd7 9. Bb2 Bd6 10. Nbd2 Qb8 11. e4 e5 12. exd5 cxd5 13. dxe5 Nxe5 14. Nxe5 Bxe5 15. Bxe5 Qxe5 16. Rfe1 Qh5 17. Re7 d4 18. Bxb7 Rad8 19. Bg2 d3 20. Qc3 a5 21. Re3 Be2 22. Re5 Qh6 23. Qxa5 Ng4 24. Rh5 Qf6 25. Qf5 Qxa1+ 26. Nf1 Nf6 0-1

[Event "Ceriano Laghetto op-C 21st"]
[Site "Ceriano Laghetto"]
[Date "2012.03.??"]
[Round "5"]
[White "Vergano, Riccardo"]
[Black "Palermiti, Francesco"]
[Result "0-1"]
[WhiteElo "1393"]
[BlackElo "1545"]
[PlyCount "72"]
[EventDate "2012.03.24"]
[EventType "swiss"]
[EventRounds "5"]
[EventCountry "ITA"]
[SourceTitle "EXT 2024"]
[Source "ChessBase"]
[SourceDate "2023.10.10"]
[SourceVersion "1"]
[SourceVersionDate "2023.10.10"]
[SourceQuality "1"]

1. d4 d5 2. c4 e6 3. Nf3 Nf6 4. Bg5 Nbd7 5. e3 a6 6. Nc3 dxc4 7. Bxc4 b5 8. Bd3 Bb7 9. e4 Be7 10. 0-0 b4 11. e5 Nd5 12. Bxe7 Qxe7 13. Nxd5 Bxd5 14. Qe2 a5 15. Bc4 c6 16. Nd2 0-0 17. f4 f5 18. exf6 Nxf6 19. Bd3 c5 20. dxc5 Qxc5+ 21. Kh1 Qd4 22. Ne4 Nxe4 23. Bxe4 Rxf4 24. Bxd5 Rxf1+ 25. Rxf1 Qxd5 26. Qf2 e5 27. b3 e4 28. Re1 Re8 29. Qe3 h6 30. h3 Qe5 31. Rf1 Qc3 32. Qe2 Qc6 33. Re1 a4 34. Kg1 Qc5+ 35. Kh1 axb3 36. axb3 e3 0-1

[Event "Ceriano Laghetto op-C 20th"]
[Site "Ceriano Laghetto"]
[Date "2011.04.03"]
[Round "4"]
[White "Vergano, Riccardo"]
[Black "Brignone, Andrea"]
[Result "0-1"]
[WhiteElo "1435"]
[BlackElo "1536"]
[PlyCount "56"]
[EventDate "2011.04.01"]
[EventType "swiss"]
[EventRounds "5"]
[EventCountry "ITA"]
[SourceTitle "EXT 2024"]
[Source "ChessBase"]
[SourceDate "2023.10.10"]
[SourceVersion "1"]
[SourceVersionDate "2023.10.10"]
[SourceQuality "1"]

1. d4 Nf6 2. c4 g6 3. Nc3 Bg7 4. Bg5 d6 5. e4 0-0 6. f4 Nbd7 7. Nf3 Re8 8. d5 h6 9. Bxf6 Bxf6 10. Bd3 c6 11. 0-0 Qb6+ 12. Kh1 Qxb2 13. e5 Qxc3 14. exf6 Qxf6 15. Qc2 Nb6 16. dxc6 bxc6 17. Nd2 d5 18. c5 Nd7 19. f5 g5 20. Rae1 Ne5 21. Re3 Nxd3 22. Qxd3 Rb8 23. Nb3 Rb4 24. Rg3 Ra4 25. Qc2 Ba6 26. Nd2 Bxf1 27. Qxa4 Qa1 28. Re3 Bb5+ 0-1

[Event "Ceriano Laghetto op-C 19th"]
[Site "Ceriano Laghetto"]
[Date "2010.03.??"]
[Round "5"]
[White "Vergano, Riccardo"]
[Black "Cervi, Massimiliano"]
[Result "1/2-1/2"]
[WhiteElo "1411"]
[BlackElo "1440"]
[PlyCount "53"]
[EventDate "2010.03.??"]
[EventType "swiss"]
[EventRounds "5"]
[EventCountry "ITA"]
[SourceTitle "EXT 2024"]
[Source "ChessBase"]
[SourceDate "2023.10.10"]
[SourceVersion "1"]
[SourceVersionDate "2023.10.10"]
[SourceQuality "1"]

1. d4 d5 2. c4 e6 3. Nc3 Nf6 4. Bg5 Nbd7 5. Nf3 Be7 6. e3 0-0 7. Bd3 c6 8. Qa4 Qb6 9. b3 Qa6 10. 0-0 Qxa4 11. Nxa4 Re8 12. Ne5 Nxe5 13. dxe5 Ne4 14. Bxe7 Rxe7 15. Bxe4 dxe4 16. Nc3 b6 17. Rad1 Rd7 18. Nxe4 Rxd1 19. Rxd1 Bb7 20. Nc3 h6 21. h3 a6 22. a4 Ra7 23. Rd8+ Kh7 24. Rd6 Kg8 25. Rd8+ Kh7 26. Rd6 Kg8 27. Rd8+ 1/2-1/2